[Event "Candidates qf3"]
[Site "Quebec"]
[Date "1989.??.??"]
[Round "2"]
[White "Spraggett, Kevin"]
[Black "Jussupow, Artur"]
[Result "1-0"]
[WhiteElo "2575"]
[BlackElo "2610"]
[Annotator "Horn,Peter"]
[PlyCount "107"]
[EventDate "1989.02.??"]
[EventType "match"]
[EventRounds "9"]
[EventCountry "CAN"]
[SourceTitle "Candidates"]
[Source "ChessBase"]
[SourceDate "1999.07.01"]
[SourceVersion "2"]
[SourceVersionDate "1999.07.01"]
[SourceQuality "1"]

1. Nf3 d5 2. g3 Nf6 3. Bg2 Bf5 4. c4 e6 5. O-O Be7 6. b3 O-O 7. Bb2 h6 8. d3 Bh7 9. Nbd2 Nc6 $5 ({RR} 9... c5 10. Ne5 Qc7 11. cxd5 Nxd5 12. Rc1 Nc6 13. Nxc6 Qxc6 14. d4 Qb5 15. a4 Qa5 16. Nc4 Qa6 17. dxc5 Bxc5 18. e4 Nb4 19. Ne5 Rad8 20. Nd7 Nd3 21. Nxc5 Nxb2 22. Qc2 Qa5 23. Qxb2 Rd2 24. Qc3 {Mohamed,A (2339)-Esmeraldas Huachi,A (2127) chess.com INT 2025 1-0 (50)}) 10. a3 ({RR} 10. Ne5 Nxe5 11. Bxe5 Nd7 12. Bb2 Bf6 13. Qc2 Bxb2 14. Qxb2 Qf6 15. Qxf6 Nxf6 {½-½ (15) Gulko,B (2620)-Jussupow,A (2680) Horgen 1995}) 10... a5 11. cxd5 exd5 12. Qc2 $146 ({RR} 12. Ra2 Re8 13. Qa1 Bf8 14. Bxf6 Qxf6 15. Qxf6 gxf6 16. Nb1 Nd8 17. Nh4 c6 18. Bh3 Ne6 19. Bf5 Nd4 20. Bxh7+ Kxh7 21. Nc3 b5 22. Rb1 Bxa3 23. Rxa3 b4 24. Ra4 bxc3 25. Rxd4 Rxe2 26. Rc1 Rb8 {Karjakin,S (2743)-Navara,D (2697) Baku 2021 1-0 (43)}) ({RR} 12. Ra2 Re8 13. Qa1 Bf8 14. Bxf6 Qxf6 15. Qxf6 gxf6 16. Nb1 Nd8 17. Nh4 c6 18. Bh3 Ne6 19. Bf5 Nd4 20. Bxh7+ Kxh7 21. Nc3 b5 22. Rb1 Bxa3 23. Rxa3 b4 24. Ra4 bxc3 25. Rxd4 Rxe2 26. Rc1 Rb8 {Karjakin,S (2743)-Navara,D (2697) Baku 2021 1-0 (43)}) 12... Nd7 $6 {12...d6!  d7} 13. Bh3 $1 Re8 (13... Bf6 $6 14. Bxd7 Bxb2 15. Bxc6 Bxa1 16. Bxb7 Rb8 17. Bxd5 $14) 14. Rfe1 Nf8 15. Rac1 Ne6 $2 16. Qb1 $2 (16. Bxe6 $1 fxe6 17. Ne5 Nxe5 $6 {17...a6!?} 18. Bxe5 Bxa3 19. Qxc7 $1 $16) 16... Bf6 17. Qa1 Bxb2 18. Qxb2 Qd6 19. Rb1 Nc5 20. Bf1 Bf5 {20...e7 !?} 21. Rec1 Na6 22. Rc2 Re7 23. Rbc1 Rae8 24. e3 Bh7 25. Nb1 Rd8 26. Be2 d4 27. e4 f5 28. exf5 Bxf5 29. Bf1 Qd7 30. Nbd2 Rf8 $6 { 30...ab8! deckt c6} 31. Rxc6 $1 bxc6 32. Nxd4 Nb8 (32... c5 $5 33. Nxf5 Qxf5 34. Ne4 Qd5) 33. Nxf5 $6 { 33.c4  e3} Qxf5 34. Ne4 Nd7 {34...e5} 35. Rxc6 Ne5 { 35...f6} 36. Rc5 Nf3+ $5 (36... Qh5 $5 37. h3 $1 $16 (37. f4 $2 Nxd3 $1 38. Bxd3 Qd1+ 39. Bf1 Rxe4 40. Rxc7 Qd4+ $14)) 37. Kh1 Qg6 38. Rxa5 Qb6 {38...e1 !? 39.d4!} (38... Rxe4 $2 39. dxe4 Qxe4 40. Bc4+ Kh8 41. Qe2 $1 $18) 39. b4 Nxh2 $2 40. Qb3+ $1 (40. Kxh2 $2 Rxe4 $1 41. Qb3+ Re6 42. Re5 Rxf2+ 43. Bg2 Rff6 44. Rxe6 Rxe6 45. Bd5 Qf2+ $10) 40... Kh7 41. Kxh2 Rxf2+ 42. Bg2 $1 (42. Nxf2 $2 Qxf2+ 43. Bg2 Re3 $1 $19) 42... Rf8 43. Rc5 Kh8 44. a4 Qg6 45. a5 Qg4 46. Qc2 c6 47. a6 Rb8 48. Rxc6 Qh5+ 49. Kg1 Rxb4 50. Rc8+ Kh7 51. d4 Qf5 52. g4 Qg6 53. Nf6+ $1 gxf6 54. Rh8+ 1-0

[Event "Dortmund-A"]
[Site "Dortmund"]
[Date "1989.??.??"]
[Round "?"]
[White "Hickl, Joerg"]
[Black "King, Daniel J"]
[Result "1-0"]
[WhiteElo "2500"]
[BlackElo "2500"]
[PlyCount "81"]
[EventDate "1989.03.??"]
[EventType "tourn"]
[EventRounds "11"]
[EventCountry "GER"]
[EventCategory "11"]
[SourceTitle "CBM 013"]
[Source "ChessBase"]
[SourceDate "1989.12.01"]
[SourceVersion "1"]
[SourceVersionDate "1989.12.01"]
[SourceQuality "1"]

1. g3 d5 2. Bg2 e5 3. d3 c6 4. Nf3 Nd7 5. O-O Ngf6 6. Nc3 Bb4 7. Bd2 ({RR} 7. a3 Ba5 8. b4 Bc7 9. e4 a5 10. Bb2 dxe4 11. Nxe4 Nxe4 12. dxe4 O-O 13. Qe2 Qe7 14. Bc3 Nb6 15. bxa5 Na4 16. Bb4 c5 17. Bd2 Bxa5 18. Rfb1 Nc3 19. Qe1 Nxb1 20. Bxa5 Nxa3 21. Rxa3 b6 {Daneshvar,B (2600)-Triapishko,A (2473) chess.com INT 2024 0-1 (36)}) 7... O-O 8. a3 Ba5 9. b4 Bb6 $146 ({RR} 9... Bc7 10. e4 dxe4 11. Nxe4 Nxe4 12. dxe4 Nb6 13. Qe2 Be6 14. Rfd1 Nc4 15. Ng5 Nxd2 16. Nxe6 fxe6 17. Rxd2 Qf6 18. c4 a5 19. Rd7 Rf7 20. Rad1 axb4 21. axb4 Raf8 22. c5 b6 23. Qa2 bxc5 24. bxc5 {Telljohann,S (2419)-Dauth,B (2337) Baden-Baden 2007 1-0}) 10. e4 dxe4 11. dxe4 Re8 12. Qe2 Nf8 13. Na4 Bc7 14. Bc3 Bg4 15. h3 Bh5 16. Nc5 Qb8 17. Rad1 a5 18. Rd3 b6 19. Nb3 Ne6 20. bxa5 bxa5 21. Rb1 Qa7 22. Qe1 c5 23. Nbd2 Nd4 24. Bxd4 exd4 25. Rdb3 Rab8 26. Rxb8 Bxb8 27. Rb5 Nd5 28. Nxd4 Qd7 29. Qa1 Be5 30. Rxc5 Nf6 31. c3 Bg6 32. Rxa5 h5 33. h4 Qc7 34. Ra4 Bxg3 35. fxg3 Qxg3 36. N4f3 Nxe4 37. Nxe4 Bxe4 38. Qe1 Qxg2+ 39. Kxg2 Bxf3+ 40. Kf2 Rxe1 41. Kxe1 1-0

[Event "New York op"]
[Site "New York"]
[Date "1989.??.??"]
[Round "5"]
[White "Polugaevsky, Lev"]
[Black "Campora, Daniel Hugo"]
[Result "1-0"]
[WhiteElo "2575"]
[BlackElo "2500"]
[PlyCount "42"]
[EventDate "1989.03.??"]
[EventType "swiss"]
[EventRounds "9"]
[EventCountry "USA"]
[SourceTitle "CBM 012"]
[Source "ChessBase"]
[SourceDate "1989.10.01"]
[SourceVersion "1"]
[SourceVersionDate "1989.10.01"]
[SourceQuality "1"]

1. Nf3 d5 2. c4 d4 3. b4 c5 4. e3 dxe3 5. fxe3 cxb4 6. d4 e6 7. Bd3 Nc6 ({RR} 7... Nf6 8. O-O Be7 9. Bb2 Nc6 10. e4 Ng4 11. Qe2 e5 12. h3 h5 13. d5 Bc5+ 14. Kh1 Nd4 15. Nxd4 exd4 16. Nd2 Qh4 17. Nf3 Qg3 18. Qe1 Qf4 19. e5 Ne3 20. Rf2 Qg3 21. Re2 Bxh3 22. Qxg3 {Erigaisi,A (2778)-Bacrot,E (2677) chess.com INT 2024 1-0}) 8. Bb2 ({RR} 8. O-O Be7 9. Nbd2 Nf6 10. Bb2 O-O 11. e4 Ng4 12. Qe2 Nf6 13. e5 Nh5 14. Be4 Nf4 15. Qe3 Ng6 16. d5 exd5 17. cxd5 Na5 18. d6 Bxd6 19. exd6 Qxd6 20. Rad1 Qb6 21. Bd4 Qc7 22. Rc1 Qf4 {Samarth,J (1770)-Rosh,J (2131) chess.com INT 2024 0-1 (38)}) 8... f5 9. Nbd2 e5 $146 ({RR} 9... Nf6 10. e4 fxe4 11. Nxe4 Be7 12. Qc2 b3 13. Qxb3 Qa5+ 14. Bc3 Bb4 15. O-O Bxc3 16. Nxc3 O-O 17. Ne4 Kh8 18. Kh1 Qh5 19. Nxf6 gxf6 20. d5 exd5 21. cxd5 Ne5 22. Nxe5 Qxe5 23. Qb4 Bd7 24. Qxb7 {Arfan,A (2416)-Shonazarov,O (2066) Almaty KAZ 2023 1-0}) ({RR} 9... Nf6 10. e4 fxe4 11. Nxe4 Be7 12. Qc2 b3 13. Qxb3 Qa5+ 14. Bc3 Bb4 15. O-O Bxc3 16. Nxc3 O-O 17. Ne4 Kh8 18. Kh1 Qh5 19. Nxf6 gxf6 20. d5 exd5 21. cxd5 Ne5 22. Nxe5 Qxe5 23. Qb4 Bd7 24. Qxb7 {Arfan,A (2416)-Shonazarov,O (2066) Almaty KAZ 2023 1-0}) 10. d5 e4 11. Nxe4 fxe4 12. Bxe4 Nf6 13. Bxf6 Qxf6 14. dxc6 bxc6 15. O-O Bd7 16. Nd4 Qe5 17. Bxc6 O-O-O 18. Qa4 a5 19. Bxd7+ Rxd7 20. Qc6+ Qc7 21. Qf3 Qb7 {(31, ru)} 1-0

[Event "World Cup"]
[Site "Barcelona"]
[Date "1989.03.??"]
[Round "17"]
[White "Salov, Valery"]
[Black "Huebner, Robert"]
[Result "1-0"]
[WhiteElo "2630"]
[BlackElo "2600"]
[PlyCount "89"]
[EventDate "1989.03.??"]
[EventType "tourn"]
[EventRounds "17"]
[EventCountry "ESP"]
[EventCategory "15"]
[SourceTitle "CBM 012"]
[Source "ChessBase"]
[SourceDate "1989.10.01"]
[SourceVersion "1"]
[SourceVersionDate "1989.10.01"]
[SourceQuality "1"]

1. Nf3 d5 2. c4 d4 3. g3 Nc6 4. Bg2 e5 5. d3 Be7 6. O-O Nf6 7. b4 e4 8. dxe4 Bxb4 9. Bb2 Bc5 10. Nbd2 Qe7 11. Nb3 Nxe4 12. Nfxd4 Nxd4 13. Nxc5 Nxc5 14. Qxd4 Ne6 15. Qe3 $146 ({RR} 15. Qc3 O-O 16. f4 f6 17. Kh1 Re8 18. g4 Bd7 19. Bxb7 Qc5 20. g5 Bc6+ 21. Bxc6 Qxc6+ 22. Rf3 fxg5 23. Rg1 Re7 24. f5 Nf4 25. Rxg5 Nxe2 26. Rxg7+ Kf8 27. Qa3 {1-0 (27) Jurek,J (2415)-Cisler,P (2165) Klatovy 1997}) 15... O-O 16. Rfd1 Re8 17. Rab1 c6 18. Ba3 Qc7 19. Bd6 Qa5 20. Rb2 Qa4 21. Qb3 Qxb3 22. Rxb3 f6 23. f4 Nd8 24. Bc7 Ne6 25. Bd6 Nd8 26. Kf2 Be6 27. Rd4 Rc8 28. Ra3 c5 29. Re4 f5 30. Rxe6 Rxe6 31. Bd5 a6 32. Rb3 Kf7 33. e4 Kg6 34. Bxe6 Nxe6 35. g4 fxe4 36. f5+ Kf6 37. fxe6 b5 38. cxb5 Kxe6 39. Bf4 c4 40. Rb1 axb5 41. Rxb5 Ra8 42. Re5+ Kf6 43. Rc5 Rxa2+ 44. Ke3 Rg2 45. Bg3 1-0

[Event "London WFW"]
[Site "London"]
[Date "1989.??.??"]
[Round "?"]
[White "Suba, Mihai"]
[Black "Hodgson, Julian M"]
[Result "1-0"]
[WhiteElo "2515"]
[BlackElo "2545"]
[PlyCount "63"]
[EventDate "1989.05.??"]
[EventType "tourn"]
[EventRounds "13"]
[EventCountry "ENG"]
[EventCategory "10"]
[SourceTitle "CBM 013"]
[Source "ChessBase"]
[SourceDate "1989.12.01"]
[SourceVersion "1"]
[SourceVersionDate "1989.12.01"]
[SourceQuality "1"]

1. Nf3 d5 2. c4 d4 3. a3 g6 4. e3 Nc6 5. b4 Bg7 6. Bb2 e5 7. b5 Nce7 8. d3 dxe3 $146 ({RR} 8... c5 9. exd4 exd4 10. g3 Nf5 {½-½ (10) Zvjaginsev,V (2590)-Maksimenko,A (2545) Vienna 1996}) ({RR} 8... c5 9. Nbd2 b6 10. exd4 exd4 11. g3 Bb7 12. Bg2 Nf6 13. O-O O-O 14. Nh4 Bxg2 15. Nxg2 h6 16. Nf4 Qd7 17. Re1 g5 18. Nh5 Nxh5 19. Qxh5 Ng6 20. Nf3 Rfe8 21. h4 g4 22. Nh2 Ne5 23. Bc1 {Deviatkin,A (2566)-Lysyj,I (2620) Budva 2009 0-1 (34)}) 9. fxe3 Bg4 10. e4 Nh6 11. Nbd2 f5 12. Qb3 Nf7 13. c5 a6 14. a4 axb5 15. axb5 Rxa1+ 16. Bxa1 Qd7 17. Bc3 Nc8 18. b6 Ne7 19. h3 Bxf3 20. Nxf3 cxb6 21. cxb6 Nc6 22. Be2 O-O 23. O-O Kh8 24. Bb2 Bf6 25. Rc1 Ng5 26. Qd5 Qg7 27. Rc5 fxe4 28. dxe4 Nxf3+ 29. Bxf3 Bg5 30. Qb3 Nd4 31. Bxd4 exd4 32. Rxg5 1-0

[Event "Vidmar Memorial"]
[Site "Ljubljana/Portoroz"]
[Date "1989.??.??"]
[Round "?"]
[White "Damljanovic, Branko"]
[Black "Kupreichik, Viktor D"]
[Result "1-0"]
[WhiteElo "2530"]
[BlackElo "2520"]
[PlyCount "109"]
[EventDate "1989.06.??"]
[EventType "tourn"]
[EventRounds "13"]
[EventCountry "YUG"]
[EventCategory "11"]
[SourceTitle "CBM 014"]
[Source "ChessBase"]
[SourceDate "1990.02.01"]
[SourceVersion "1"]
[SourceVersionDate "1990.02.01"]
[SourceQuality "1"]

1. Nf3 d5 2. g3 c5 3. Bg2 Nc6 4. O-O e5 5. d3 Nf6 6. Bg5 Be7 7. Nc3 d4 8. Bxf6 Bxf6 9. Ne4 Be7 10. c3 O-O 11. Qa4 Bd7 12. Rfc1 b6 13. Qd1 $146 ({RR} 13. a3 a5 14. Ned2 Kh8 15. Rab1 Rb8 16. Qd1 f5 17. a4 Bf6 18. Nc4 Qe7 19. Nfd2 Bg5 20. Qc2 h5 21. Re1 h4 22. e3 dxe3 23. Nxe3 Bxe3 24. Rxe3 f4 25. Re4 Qf6 26. Nc4 h3 27. Bf1 Bf5 {Hug,W (2425)-Gomez Esteban,J (2425) Debrecen 1992 ½-½ (71)}) 13... f5 14. Ned2 dxc3 15. bxc3 Rc8 16. Nc4 Qc7 17. Rab1 Rcd8 18. Qc2 Kh8 19. a4 Be6 20. Nfd2 Bg5 21. Rd1 Bxd2 22. Nxd2 Na5 23. c4 h6 24. Qb2 Bd7 25. Ra1 Bc6 26. f3 Qd7 27. Re1 Rfe8 28. Bh3 Kg8 29. Ra3 g6 30. e4 Bxa4 31. exf5 Bc6 32. Rxe5 Qd4+ 33. Qxd4 Rxd4 34. Rxe8+ Bxe8 35. Ne4 gxf5 36. Bxf5 Nc6 37. Nf6+ Kf8 38. Nxe8 Kxe8 39. Be4 Ne5 40. Rxa7 Nxd3 41. Rb7 Ne5 42. Rxb6 Nxc4 43. Rc6 Nd2 44. Rxc5 Nxe4 45. Re5+ Kf7 46. Rxe4 Rd2 47. h4 Kf6 48. Kf1 h5 49. Re2 Rd3 50. Kf2 Kf5 51. Re8 Ra3 52. Rg8 Ra2+ 53. Kg1 Ra1+ 54. Kg2 Ra2+ 55. Kh3 1-0

[Event "Vidmar Memorial"]
[Site "Ljubljana/Portoroz"]
[Date "1989.??.??"]
[Round "?"]
[White "Todorcevic, Miodrag"]
[Black "Bischoff, Klaus"]
[Result "1-0"]
[WhiteElo "2535"]
[BlackElo "2505"]
[PlyCount "85"]
[EventDate "1989.06.??"]
[EventType "tourn"]
[EventRounds "13"]
[EventCountry "YUG"]
[EventCategory "11"]
[SourceTitle "CBM 014"]
[Source "ChessBase"]
[SourceDate "1990.02.01"]
[SourceVersion "1"]
[SourceVersionDate "1990.02.01"]
[SourceQuality "1"]

1. e4 e6 2. d3 d5 3. Nd2 c5 4. Ngf3 Nc6 5. g3 Nge7 6. Bg2 g6 7. O-O Bg7 8. Re1 b6 9. c3 a5 10. a4 Ra7 11. exd5 exd5 12. Nb3 d4 13. cxd4 cxd4 14. Bg5 ({RR} 14. Bf4 O-O 15. Rc1 Ba6 16. Re4 Rd7 17. Bh3 Rd5 18. Bg5 Qd6 19. Qe2 Rxg5 20. Nxg5 Qd5 21. Rxe7 Nxe7 22. Qxe7 Qxb3 23. Nxf7 Qxb2 24. Rc7 Qd2 25. Ng5 Qxf2+ 26. Kh1 Qf6 27. Be6+ Kh8 28. Nf7+ Kg8 {Garrido Outon,A (2071)-Gomez Zambrana,P (1848) Algeciras 2018 1-0}) 14... h6 $146 ({RR} 14... O-O 15. Rc1 h6 16. Rxc6 hxg5 17. Rc4 Ba6 18. Rc1 Nd5 19. Nbxd4 Nb4 20. Nc6 Nxc6 21. Rxc6 Rd7 22. Qb3 Bb7 23. Ne5 Bxe5 24. Rxe5 Bxc6 25. Bxc6 Rxd3 26. Qb5 Rd2 27. Re3 Qf6 28. Rf3 Qxb2 29. Rb3 {Stripunsky,A (2543)-Kaidanov,G (2638) Los Angeles 2003 0-1}) 15. Bxe7 Nxe7 16. Ne5 O-O 17. Nd2 Be6 18. Ndc4 Qb8 19. Qd2 Rc8 20. Re2 g5 21. Rae1 Nd5 22. Nc6 Rxc6 23. Bxd5 Bxd5 24. Re8+ Qxe8 25. Rxe8+ Kh7 26. Qe2 f5 27. h3 Rf7 28. Kh2 f4 29. g4 f3 30. Qe1 Rfc7 31. b3 Bf7 32. Re7 Bg6 33. Qe5 Rxe7 34. Qxe7 Rxc4 35. dxc4 d3 36. Kg3 Kh8 37. c5 bxc5 38. Qd8+ Kh7 39. Qxa5 Be4 40. h4 gxh4+ 41. Kh3 Bf6 42. Qc7+ Kh8 43. Qf4 1-0

[Event "Marseille"]
[Site "Marseille"]
[Date "1989.??.??"]
[Round "1"]
[White "Todorcevic, Miodrag"]
[Black "Spraggett, Kevin"]
[Result "1-0"]
[WhiteElo "2535"]
[BlackElo "2575"]
[PlyCount "55"]
[EventDate "1989.07.??"]
[EventType "tourn"]
[EventRounds "9"]
[EventCountry "FRA"]
[EventCategory "11"]
[SourceTitle "EXT 1998"]
[Source "ChessBase"]
[SourceDate "1997.11.17"]
[SourceVersion "1"]
[SourceVersionDate "1997.11.17"]
[SourceQuality "1"]

1. Nf3 Nf6 2. g3 b6 3. Bg2 Bb7 4. d3 c5 5. e4 d6 6. O-O e6 7. Re1 Be7 8. c3 O-O 9. Nbd2 Nc6 ({RR} 9... b5 10. d4 Qb6 11. a4 a6 12. d5 exd5 13. exd5 Re8 14. c4 Nbd7 15. a5 Qc7 16. b3 Bf8 17. Bb2 Rxe1+ 18. Nxe1 b4 19. Nc2 Re8 20. Ne3 g6 21. Qc2 Bg7 22. h4 Bc8 23. Nf3 Ne4 24. Bxg7 {Donchenko,A (2643)-Ranaldi,L (2362) chess.com INT 2024 0-1 (32)}) 10. a3 b5 $146 ({RR} 10... Nd7 11. d4 b5 12. h4 Qb6 13. Nf1 Rfe8 14. Ne3 cxd4 15. cxd4 Bf6 16. d5 Nce5 17. Nxe5 Nxe5 18. Qb3 Rac8 19. Kh2 exd5 20. exd5 a5 21. Be4 Qd4 22. f3 Ba6 23. Kg2 g6 24. Qd1 Qb6 25. Rb1 {Lupkowski,E (2225)-Dziuba,M (2310) Warsaw 1999 0-1 (39)}) 11. b4 cxb4 12. axb4 a5 13. bxa5 Rxa5 14. Rb1 d5 15. e5 Nd7 16. Nb3 Ra2 17. Nbd4 b4 18. cxb4 Nxd4 19. Nxd4 Qc7 20. Bf4 Rfa8 21. h4 Qc3 22. Ne2 Qc6 23. b5 Qb6 24. d4 R2a5 25. Nc3 Qc7 26. Nxd5 exd5 27. e6 Bd6 28. Rc1 1-0

[Event "Marseille"]
[Site "Marseille"]
[Date "1989.??.??"]
[Round "8"]
[White "Todorcevic, Miodrag"]
[Black "Lobron, Eric"]
[Result "1-0"]
[WhiteElo "2535"]
[BlackElo "2555"]
[PlyCount "93"]
[EventDate "1989.07.??"]
[EventType "tourn"]
[EventRounds "9"]
[EventCountry "FRA"]
[EventCategory "11"]
[SourceTitle "EXT 1998"]
[Source "ChessBase"]
[SourceDate "1997.11.17"]
[SourceVersion "1"]
[SourceVersionDate "1997.11.17"]
[SourceQuality "1"]

1. Nf3 c5 2. e4 d6 3. d3 Nc6 4. g3 g6 5. Bg2 Bg7 6. O-O e5 7. c3 Nge7 8. a3 O-O 9. b4 h6 10. b5 ({RR} 10. Bb2 Kh7 11. Nh4 f5 12. exf5 Nxf5 13. Nxf5 Bxf5 14. Qe2 Qd7 15. Nd2 Rae8 16. Ne4 b6 17. bxc5 dxc5 18. a4 Rd8 19. Rfd1 Rf7 20. f3 Qc7 21. Bf1 Rdf8 22. Bg2 Rd8 23. Qc2 Rfd7 24. Bf1 Rf8 {Spata,G (2399)-Korol,D (2287) chess.com INT 2024 1-0 (74)}) 10... Na5 11. Nbd2 ({RR} 11. c4 f5 12. Nc3 f4 13. Rb1 Bg4 14. h3 Bd7 15. Nd5 Nxd5 16. exd5 fxg3 17. fxg3 e4 18. dxe4 Nxc4 19. Qd3 Ne5 20. Nxe5 Rxf1+ 21. Bxf1 Bxe5 22. Bxh6 Qf6 23. h4 c4 24. Qc2 Bxg3 25. Bg5 Qe5 {Spassky,B (2615)-Huebner,R (2600) Tilburg 1980 ½-½ (63)}) 11... Be6 12. Re1 $146 ({RR} 12. Bb2 Qd7 13. c4 f5 14. Bc3 b6 15. exf5 gxf5 16. Rc1 Nb7 17. a4 Ng6 18. Qe2 Qf7 19. h4 Qd7 20. Nh2 d5 21. h5 d4 22. Bxd4 cxd4 23. hxg6 Rac8 24. Nhf3 Nc5 25. Rfe1 e4 26. dxe4 d3 {Liu,X (2136)-Tari,A (2418) Al Ain 2013 0-1 (56)}) ({RR} 12. Bb2 f5 13. exf5 Bxf5 14. Ne1 c4 15. Qe2 Qc7 16. g4 Bd7 17. a4 cxd3 18. Nxd3 Nc4 19. Nxc4 Qxc4 20. h3 d5 21. Qd2 e4 22. Nf4 Be5 23. Ne2 g5 24. Ba3 Rf7 25. Rfd1 Be6 26. Nd4 Bd7 {Felmery,M (2177)-Vantika,A (2171) Budapest 2019 0-1 (41)}) 12... Rc8 13. a4 Rc7 14. Rb1 f5 15. exf5 Bxf5 16. Bf1 g5 17. h4 Nd5 18. Qc2 g4 19. Nh2 Nf4 20. gxf4 exf4 21. Ne4 Be5 22. d4 cxd4 23. Qa2+ Kh7 24. cxd4 g3 25. dxe5 gxh2+ 26. Kh1 dxe5 27. f3 Bxe4 28. Rxe4 Rg8 29. Bxf4 Rg1+ 30. Kxh2 Rxf1 31. Rxf1 Qxh4+ 32. Kg1 Rg7+ 33. Bg5 Rxg5+ 34. Rg4 Rxg4+ 35. fxg4 Qxg4+ 36. Qg2 Qxg2+ 37. Kxg2 Kg7 38. Kf3 Nc4 39. Rc1 Nd6 40. Rd1 e4+ 41. Ke2 Nf5 42. Rd7+ Kg6 43. Rxb7 h5 44. b6 axb6 45. Rxb6+ Kg5 46. a5 Kf4 47. a6 1-0

[Event "Philadelphia op2"]
[Site "Philadelphia"]
[Date "1990.??.??"]
[Round "?"]
[White "Yermolinsky, Alex"]
[Black "Wolff, Patrick G"]
[Result "1-0"]
[WhiteElo "2535"]
[BlackElo "2500"]
[PlyCount "51"]
[EventDate "1990.??.??"]
[EventType "swiss"]
[EventRounds "9"]
[EventCountry "USA"]
[SourceTitle "EXT 1998"]
[Source "ChessBase"]
[SourceDate "1997.11.17"]
[SourceVersion "1"]
[SourceVersionDate "1997.11.17"]
[SourceQuality "1"]

1. e4 c5 2. Nf3 e6 3. d3 d6 4. g3 b6 5. Bg2 Bb7 6. O-O Nf6 7. Nbd2 Be7 8. Re1 O-O 9. c3 Nbd7 ({RR} 9... Nc6 10. a3 Rc8 11. d4 cxd4 12. cxd4 b5 13. e5 Nd5 14. Ne4 b4 15. Qd3 dxe5 16. dxe5 Nb6 17. Nd6 Rc7 18. Bf4 Nd5 19. Nxb7 Rxb7 20. Bd2 bxa3 21. bxa3 Qb8 22. Bg5 Rd8 23. Qc2 Nd4 24. Nxd4 {Amin,B (2689)-Vachier Lagrave,M (2789) Riadh 2017 0-1 (37)}) 10. a3 ({RR} 10. h3 h6 11. Nf1 Rc8 12. g4 Re8 13. Ng3 Bf8 14. d4 cxd4 15. cxd4 g6 16. Qd3 Bg7 17. Bd2 Qe7 18. Bb4 a5 19. Ba3 Red8 20. e5 Ne8 21. Ne4 Bxe4 22. Qxe4 Rc7 23. Rad1 b5 24. exd6 Nxd6 {Teterev,V (2257)-Weihrauch,J (2256) chess.com INT 2025 0-1 (89)}) 10... Qc7 $146 ({RR} 10... Rc8 11. b4 Rc7 12. Bb2 Qa8 13. h3 Rfc8 14. Ra2 c4 15. Nxc4 Nxe4 16. dxe4 Rxc4 17. Nd2 R4c7 18. c4 Ne5 19. Bf1 Nd7 20. Bg2 Ne5 21. Bf1 Nd7 {½-½ (21) Glek,I (2635)-Van der Werf,M (2400) Netherlands 1996}) ({RR} 10... Rc8 11. b4 b5 12. Bb2 Nb6 13. Rc1 a6 14. c4 bxc4 15. dxc4 Nfd7 16. Qb3 Re8 17. Qd3 Qc7 18. Red1 Bf8 19. h4 Bc6 20. Re1 Red8 21. Qe3 Rb8 22. Ba1 Na4 23. Rb1 Re8 24. Qf4 h6 25. e5 {Tkachiev,V (2615)-Salov,V (2680) Groningen 1997 1-0 (36)}) 11. h3 Rac8 12. b4 cxb4 13. axb4 Qxc3 14. Rxa7 Qc7 15. Bb2 Ra8 16. Rxa8 Rxa8 17. Qb3 Qd8 18. Nd4 d5 19. exd5 Bxd5 20. Bxd5 Nxd5 21. Rxe6 Nxb4 22. Nf5 Bf8 23. Re4 Qg5 24. Rf4 Qg6 25. Bxg7 Qe6 26. Nh6+ 1-0

[Event "Interzonal-15"]
[Site "Manila"]
[Date "1990.??.??"]
[Round "5"]
[White "Damljanovic, Branko"]
[Black "Anand, Viswanathan"]
[Result "1-0"]
[WhiteElo "2515"]
[BlackElo "2610"]
[Annotator "Horn,Peter"]
[PlyCount "109"]
[EventDate "1990.06.29"]
[EventType "swiss"]
[EventRounds "13"]
[EventCountry "PHI"]
[SourceTitle "CBM 019"]
[Source "ChessBase"]
[SourceDate "1990.12.01"]
[SourceVersion "1"]
[SourceVersionDate "1990.12.01"]
[SourceQuality "1"]

1. Nf3 d5 2. g3 Nf6 3. Bg2 c6 4. d3 Bf5 5. O-O h6 6. c4 dxc4 7. Ne5 Nbd7 (7... cxd3 $2 8. Qb3) (7... Qc8 $2 8. Nxc4 Bh3 9. Qb3 Bxg2 10. Kxg2 e6 11. Bf4 Be7 12. Bd6 $16 {Rukavina-Nikolic, Vrnjacka Banja 1986}) 8. Nxc4 e6 ({RR} 8... e5 9. Nbd2 Be7 10. b4 O-O 11. a3 Qc7 12. Bb2 Rfe8 13. Rc1 a6 14. Rc2 Rac8 15. Qa1 Bf8 16. e4 Bg4 17. Re1 Qb8 18. d4 exd4 19. Bxd4 Be6 20. e5 Nd5 21. Ne4 Bf5 22. Rce2 Bxe4 23. Bxe4 {Ganguly,S (2638)-Maghsoodloo,P (2679) Chess.com INT 2019 ½-½ (79)}) ({RR} 8... e5 9. Nbd2 Be6 10. b3 Qc7 11. Bb2 Be7 12. Nf3 Bxc4 13. dxc4 O-O 14. Qc2 Rfe8 15. Nh4 a5 16. Nf5 Bf8 17. Rad1 g6 18. Ne3 a4 19. Bc3 Bc5 20. Bh3 h5 21. Qc1 axb3 22. axb3 Ra2 23. b4 {Dorfanis,I (2138)-Patrelakis,E (2425) Thessaloniki GRE 2024 0-1 (63)}) 9. Bd2 (9. Bf4 {Rukavina}) 9... Be7 10. b4 $16 O-O 11. a3 $146 ({RR} 11. a4 a6 12. Nba3 Qc7 13. Qc2 Bg6 14. Rfc1 Rfc8 15. Rab1 Nd5 16. Qb3 Bh5 17. e4 N5b6 18. Na5 Nf8 19. d4 Bg6 20. Ra1 Qd7 21. Be3 Bd8 22. N3c4 Nxc4 23. Nxc4 Bc7 24. Rd1 b5 25. Ne5 Bxe5 {Dizdarevic,E (2481)-Mrkonjic,N (2370) Zenica 2009 ½-½ (46)}) 11... Nb6 12. Na5 Qd7 13. Nc3 e5 14. Re1 Bh3 15. Bf3 Rac8 16. Rc1 Nbd5 17. Nc4 Qe6 18. e4 Nb6 19. Na5 Rfd8 20. Be3 Rd7 21. Ne2 Rcd8 22. Qc2 Ng4 23. Rcd1 Nxe3 24. fxe3 Bg5 25. Nc1 Qe7 26. Ncb3 Rc7 27. d4 g6 28. Bg2 Bg4 29. Rb1 h5 30. h3 Bc8 31. Qf2 h4 32. g4 Rd6 33. Nd2 Na4 34. Nf3 b5 (34... Nc3 $5 35. Nxe5 (35. Nxg5 Nxb1 36. Qxh4 f6) (35. Nc4 Rd8 36. Ncxe5 Nxb1 37. Rxb1 $146) 35... Nxb1 36. Rxb1 $146) 35. Qc2 Bf6 36. g5 Bxg5 37. Nxe5 c5 38. bxc5 Nxc5 39. Nac6 Rdxc6 40. Nxc6 Rxc6 41. Rxb5 Qc7 42. Rxc5 Qg3 43. Qf2 Rxc5 44. Qxg3 hxg3 45. dxc5 Kf8 46. Bf1 Bd7 47. Kg2 Bh4 48. Be2 Bf6 49. Rd1 Ke7 50. Rd6 Be5 51. Ra6 Bb8 52. Bg4 Be8 53. e5 g5 54. Kxg3 Bxe5+ 55. Kf3 1-0